|
|
|
|
| LEADER |
01054cam a2200409 7i4500 |
| 001 |
0000028932 |
| 005 |
20130103090000.0 |
| 020 |
0 |
0 |
|a 9781857436303
|
| 090 |
0 |
0 |
|a I 330.9
|b FAR
|
| 245 |
0 |
1 |
|a The Far East and Australasia 2012.
|
| 250 |
0 |
0 |
|a 43rd ed.
|
| 260 |
0 |
0 |
|a London:
|b Routledge,
|c 2012.
|
| 300 |
# |
# |
|a 1596 p.
|
| 440 |
0 |
0 |
|a Europe regional surveys of the world
|
| 650 |
0 |
0 |
|a South Korea
|
| 650 |
0 |
0 |
|a The Pacific Islands
|
| 650 |
0 |
0 |
|a Macao
|
| 650 |
0 |
0 |
|a Australasia --
|x Economic conditions
|
| 650 |
0 |
0 |
|a Far East --
|x Economic conditions
|
| 650 |
0 |
0 |
|a East Timor
|
| 650 |
0 |
0 |
|a Mongolia
|
| 650 |
0 |
0 |
|a Cambodia
|
| 650 |
0 |
0 |
|a Laos
|
| 650 |
0 |
0 |
|a Japan
|
| 650 |
0 |
0 |
|a Myanmar
|
| 650 |
0 |
0 |
|a China
|
| 650 |
0 |
0 |
|a New Zealand
|
| 650 |
0 |
0 |
|a Brunei Darussalam
|
| 650 |
0 |
0 |
|a Vietnam
|
| 650 |
0 |
0 |
|a Taiwan
|
| 650 |
0 |
0 |
|a Hong Kong
|
| 650 |
0 |
0 |
|a Malaysia
|
| 650 |
0 |
0 |
|a Indonesia
|
| 650 |
0 |
0 |
|a Singapore
|
| 650 |
0 |
0 |
|a Thailand
|
| 650 |
0 |
0 |
|a Australia
|
| 999 |
|
|
|a B000031232
|b Book
|c International
|e Business Information Centre
|